000 00310nam a2200121 a 4500
005 20140414093846.0
008 100218s19uu xx uuu eng d
050 _aCDB 510
_bMAT 2008
245 _aMathematics for the international student :
_bSL.
650 _aMathematics.
942 _cAVM
999 _c109597
_d109597